000 00724nam a2200241Ia 4500
001 1058
003 GE_BSU
008 181216s||||||||xx |||||||||||||| ||und||
020 _a5893490088
040 _cGE_BSU
080 _a811.161.1
100 _aСолганик,Г.Я.
245 _aСтилистика текста
245 _bУчебное пособие для студ. абитуриентов и учащихся старших классов школ гуманитарного профиля
250 _a5-е изд.
260 _aМосква
260 _bФлинта
260 _c2003
300 _a254стр.
541 _h6л.
653 _aСтилистика текста
942 _cBK
999 _c35212
_d35212